000 00964nam a2200301Ia 4500
001 19371
003 IT-RoPAU
008 130308s9999 xx 000 0 und d
040 _aIT-RoPAU
040 _cIT-RoPAU
041 _aFRANCESE
100 _aBourron Yves
100 _gCodice Aut. SPICS: 106
245 _a72 fiches de pedagogie audio-visuelle
245 _b72 fiches de pedagogie Audio-Visuelle
250 _a2a ed.
260 _aPARIS
260 _bOrganisation
260 _c1981 [1° Ed.:1978 - Ed.Ling.Originale:1978]
300 _a"208 p. (prefazione: no ; testo: 208)"
500 _a72 Schede di Pedagogia Audiovisiva con 14 Diapositive Linguaggio dell'Immagine e del Suono utilizzazione Pedagogica di un Documento Audiovisivo Audiovisivo Strumento di Comunicazione Lessico Bibliografia
650 _aDIDATTICA AUDIOVISIVA
650 _eCodice materia Spics: 4002
942 _cBK
957 _71
999 _c67936
_d67936
999 _bSI
999 _g1